000 00379nam a22001457a 4500
003 URS
005 20220114171959.0
008 180723b xxu||||| |||| 00| 0 eng d
020 _a9781305970816
050 1 4 _aHF 5686
_bK62 2018
100 1 _aKnapp, Michael C.,
_d2018-
_eauthor
245 1 0 _aContemporary auditing :
_cMichael C. Knapp.
250 _a11th edition
942 _2lcc
_cFR
999 _c15351
_d15351